000 00950nam0a2200301 i 4500
001 RU\NLR\BIBL_A\011306496
005 20260406121312.0
010 _a9785699806355
_94000
021 _aRU
_b2016-96130
_96368
035 _a(NLR Aleph) 011306496
090 _a10999054
_c10999054
100 _a20170110d2016 u y0rusy50 ca
101 0 _arus
102 _aRU
105 _ay|||z|||000ay
200 1 _aСтечение обстоятельств
_fАлександра Маринина
210 _aМосква
_cЭ
_d2016
215 _a316, [1] с.
_d16
225 1 _aМеньше, чем спец. цена
320 _aДр. кн. авт.: с. 2
333 _a16+
686 2 _aШ6(2=Р)75-446
700 1 _8rus
_7ca
_aМаринина
_bА. Б.
_gАлександра Борисовна
_f1957-
_3RU\NLR\AUTH\77515
_9110564
942 _cBOOK
980 _aNBR